000 00504nam a2200169Ia 4500
008 240729s9999 xx 000 0 und d
022 _a2052-3211
245 0 _aJournal of Pharmaceutical Policy and Practice
260 _aUnited Kingdom
260 _bTaylor & Francis Group
650 _a Pharmacy and materia medica
650 _a Therapeutics. Pharmacology | Medicine
650 _aMedicine
856 _uhttps://doaj.org/toc/6ad361b5d01e4bb6bf574e4a88d5b80e
942 _2ddc
942 _cDOAJEJ
999 _c67047
_d67047
945 _a1
_bMadushi Gamage
_c1
_dMadushi Gamage